000 02348namaa2200397uu 4500
001 doab132057
003 oapen
005 20260218110431.0
006 m o d
007 cr|mn|---annan
008 231219s2024 xx |||||o ||| 0|eng d
020 _a9780472056354
020 _a9780472076352
020 _ampub.12529012
024 7 _a10.3998/mpub.12529012
_2doi
040 _aoapen
_coapen
_d
041 0 _aeng
042 _adc
720 1 _aZhong, Yang
_4aut
245 0 0 _aChina as Number One?
_bThe Emerging Values of a Rising Power
260 _bUniversity of Michigan Press
_c2024
300 _a1 online resource (239 p.)
336 _atext
_btxt
_2rdacontent
337 _acomputer
_bc
_2rdamedia
338 _aonline resource
_bcr
_2rdacarrier
490 1 _aChina Understandings Today
506 0 _fUnrestricted online access
_2star
520 _aOne of the most significant global events in the last forty years has been the rise of China- economically, technologically, politically, and militarily. The question on people's minds for decades has been whether China will replace the United States as a superpower in the near future. But for China, this power must be comprehensive - having strong economic and militant forces are only two pieces of the puzzle. China must also possess soft power, such as attractive ideologies, values, and culture. China as Number One? explores China's soft powers through the eyes of Chinese citizens. Utilizing data from the World Values Survey, the contributors to this collection analyze the potential soft power of a rising China by examining its residents' social values. A comprehensive study of changes and continuities in the political and social values of Chinese citizens, the book examines findings in the context of evolutionary modernization theory and cross-national comparison.
540 _aCreative Commons
_fhttps://creativecommons.org/licenses/by-nc/4.0/
_2cc
_uhttps://creativecommons.org/licenses/by-nc/4.0/
546 _aEnglish
650 7 _aPolitics & government
_2bicssc
720 1 _aInglehart, Ronald F.
_4aut
793 0 _aDOAB Library.
856 _uhttps://docs.google.com/spreadsheets/d/1yKIrdCPDAG_9c22mwoOIO2DOhtj65Wqa/edit?usp=sharing&ouid=106555315294820607512&rtpof=true&sd=true
_yList of Curated E-Books
942 _cE-BOOK
999 _c81026
_d81025